[Event "Lazne Bohdanec-B"]
[Site "Lazne Bohdanec"]
[Date "1997.??.??"]
[Round "?"]
[White "Dobrowolski, Piotr"]
[Black "Manik, Mikulas"]
[Result "1/2-1/2"]
[WhiteElo "2390"]
[BlackElo "2455"]

1.e4 c5 2.Nf3 Nc6 3.Nc3 g6 4.d4 cxd4 5.Nxd4 Bg7 6.Be3 d6 7.Qd2 Nf6 8.f3 O-O
9.O-O-O Nxd4 10.Bxd4 Be6 11.Kb1 Qc7 12.g4 Rfc8 13.h4 Qa5 14.Qg5 Qxg5 15.hxg5 Nd7
16.Rh4 f6 17.gxf6 Nxf6 18.g5 Nd7 19.f4 Nc5 20.Bxg7 Kxg7 21.Bh3 Bxh3 22.Rxh3 Rh8
23.Rdh1 Raf8 24.Rh4 Rf7 25.b4 Ne6 26.Nd5 Nf8 27.Rh6 e5 28.fxe5 Ne6 29.exd6 Nxg5
30.R6h4 Nf3 31.Rf4 Rxf4 32.Nxf4 Nd2+ 33.Kc1 Nxe4 34.d7 Kf6 35.Rxh7 Rd8 36.Nd5+ Ke5
37.Ne7 g5 38.Nc8 g4 39.Kd1 g3 40.Ke2 g2 41.Rg7 Rxd7 42.Rxg2 b5 43.Rg8 Rc7
44.Kd1 Nc3+ 45.Kc1 Nxa2+ 46.Kb2 Nxb4 47.Rg5+ Ke6 48.Rxb5 Nc6 49.Nxa7 Rxa7
50.Rb3 Nd4 51.Rd3 Ke5 52.c3 Rb7+ 53.Kc1 Nb3+ 54.Kc2 Nc5 55.Rd8 Rh7 56.Re8+ Kd6
57.Rd8+ Kc7 58.Rd1 Rh2+ 59.Rd2 Rh3 60.Rd4 Kc6 61.Rd8 Ne4 62.Kb2 Rh2+ 63.Kb3 Nc5+
64.Kc4 Rh4+ 65.Rd4 Rh3 66.Rg4 Na4 67.Kb4  1/2-1/2

[Event "Leeuwarden op"]
[Site "Leeuwarden"]
[Date "1997.??.??"]
[Round "2"]
[White "Landa, Konstantin"]
[Black "Bosboom, Manuel"]
[Result "0-1"]
[WhiteElo "2560"]
[BlackElo "2430"]

1.e4 c5 2.Nc3 Nc6 3.Nf3 d6 4.d4 cxd4 5.Nxd4 Nf6 6.Be2 e6 7.O-O Be7 8.Be3 O-O
9.f4 Qc7 10.Bf3 a6 11.Nxc6 bxc6 12.Na4 c5 13.c4 Bb7 14.Qc2 Nd7 15.b3 Rac8
16.Rad1 Rfe8 17.Qf2 Bc6 18.Nc3 Bf6 19.Ne2 Be7 20.Rd3 Qb7 21.Ng3 g6 22.Bc1 f5
23.exf5 exf5 24.Bb2 Nf6 25.Qd2 Bxf3 26.Rfxf3 Rcd8 27.Rfe3 d5 28.cxd5 Nxd5
29.Re5 Nb4 30.Rxd8 Rxd8 31.Qe2 Bf8 32.Nxf5 Nd3 33.Ne7+ Kf7 34.Re3 Nxb2 35.Nf5 Qd7  0-1

[Event "Leon op"]
[Site "Leon"]
[Date "1997.??.??"]
[Round "3"]
[White "Del Rio de Angeles, Gabriel"]
[Black "Romero Holmes, Alfonso"]
[Result "0-1"]
[WhiteElo "2375"]
[BlackElo "2465"]

1.e4 c5 2.Nc3 Nc6 3.Nge2 g6 4.d4 cxd4 5.Nxd4 Bg7 6.Nb3 d6 7.Be2 Nf6 8.O-O O-O
9.Bg5 a6 10.f4 b5 11.Bf3 b4 12.Nd5 Nxd5 13.exd5 Na5 14.Nxa5 Qxa5 15.Kh1 Re8
16.Qc1 Bf5 17.a3 Rab8 18.axb4 Qxb4 19.Rxa6 h6 20.Bh4 Bxb2 21.Qe3 Qc4 22.Be2 Qxd5
23.c4 Qe4 24.Qxe4 Bxe4 25.Ra7 Kf8 26.Bf2 Bf6 27.Ra2 Ra8 28.Rd2 Bc3 29.Rdd1 Rec8
30.Bd4 Ra2 31.Rf2 Bc2 32.Bf1 Bxd1 33.Rxa2 Bxd4 34.Rd2 Bb3 35.Rxd4 Ra8 36.Kg1 Ra2
37.h4 Rc2 38.g4 Ke8 39.Re4 f5 40.gxf5 gxf5 41.Rd4 Kd7 42.Bd3 Rc1+ 43.Kf2 e6
44.Ke3 Kc6 45.Kd2 Rd1+  0-1

[Event "Anibal op 4th"]
[Site "Linares"]
[Date "1997.??.??"]
[Round "4"]
[White "Volzhin, Alexander"]
[Black "Gasimov, Ragim"]
[Result "1-0"]
[WhiteElo "2505"]
[BlackElo "2405"]

1.e4 c5 2.Nc3 Nc6 3.Nf3 d6 4.d4 cxd4 5.Nxd4 Nf6 6.Bg5 e6 7.Qd2 a6 8.O-O-O Bd7
9.f3 b5 10.Kb1 h6 11.Be3 Ne5 12.Bd3 Qc7 13.Rhe1 Be7 14.g4 b4 15.Nce2 d5 16.exd5 Nxd5
17.Nf4 Nf6 18.h4 Nxd3 19.Qxd3 g5 20.hxg5 hxg5 21.Nfxe6 Bxe6 22.Nxe6 fxe6
23.Qg6+ Kf8 24.Bxg5 Ng8 25.Bxe7+ Qxe7 26.Rxe6 Qf7 27.Qe4 Rc8 28.b3 Rh2 29.Qxb4+ Kg7
30.Qd4+ Kf8 31.Qd6+ Kg7 32.Qe5+ Kf8 33.Red6  1-0

[Event "Anibal op 4th"]
[Site "Linares"]
[Date "1997.??.??"]
[Round "6"]
[White "Becerra Rivero, Julio"]
[Black "Saldano, Horacio"]
[Result "1-0"]
[WhiteElo "2510"]
[BlackElo "2360"]

1.e4 c5 2.Nc3 Nc6 3.Nge2 g6 4.d4 cxd4 5.Nxd4 Bg7 6.Nb3 Nf6 7.Be2 O-O 8.O-O a5
9.a4 Nb4 10.Bf3 d6 11.Re1 Be6 12.Nd4 Bg4 13.Bxg4 Nxg4 14.Ndb5 h5 15.h3 Ne5
16.Nd5 Rc8 17.Re2 Nxd5 18.exd5 Qd7 19.Ra2 Qf5 20.b3 g5 21.c4 Qg6 22.f4 gxf4
23.Bxf4 Kh8 24.Re3 Bf6 25.Rg3 Qh7 26.Bg5 h4 27.Bxf6+ exf6 28.Re3 Qh6 29.Qe1 Rce8
30.Rae2 Rg8 31.Nxd6 Qxe3+ 32.Rxe3 Nf3+ 33.Kf1 Nxe1 34.Rxe8 Rxe8 35.Nxe8 Nd3
36.d6 Nc5 37.Nxf6 Kg7 38.d7 Ne6 39.Nd5  1-0

[Event "Anibal op 4th"]
[Site "Linares"]
[Date "1997.??.??"]
[Round "7"]
[White "Teran Alvarez, Ismael"]
[Black "Dgebuadze, Alexandre"]
[Result "1/2-1/2"]
[WhiteElo "2350"]
[BlackElo "2415"]

1.e4 c5 2.Nf3 Nc6 3.Nc3 g6 4.d4 cxd4 5.Nxd4 Bg7 6.Nb3 Nf6 7.Be2 O-O 8.O-O a5
9.a4 Nb4 10.Bg5 h6 11.Bh4 d5 12.exd5 g5 13.Bg3 Bf5 14.Nd4 Bg6 15.h4 Rc8 16.hxg5 hxg5
17.Rc1 Qb6 18.d6 exd6 19.Ncb5 Ne4 20.Bh2 Nc6 21.c3 Nxd4 22.cxd4 Rxc1 23.Qxc1 Bxd4
24.Nxd4 Qxd4 25.Bf3 Nd2 26.Rd1 Nxf3+ 27.gxf3 Qxa4 28.Rxd6 Qb5 29.Qd2 Qf5
30.Qd5 Qb1+ 31.Kg2 g4 32.Bf4 gxf3+ 33.Kxf3 Qh1+ 34.Kg3 Qg1+ 35.Kf3 Qh1+ 36.Kg3 Qg1+
37.Kf3  1/2-1/2

[Event "Jaen-ch"]
[Site "Linares"]
[Date "1997.??.??"]
[Round "7"]
[White "Galletero, R."]
[Black "Galvez Extremera, Francisco"]
[Result "0-1"]
[WhiteElo "1650"]
[BlackElo "2160"]

1.e4 c5 2.Nc3 Nc6 3.Nf3 g6 4.Bc4 Bg7 5.d3 d6 6.Ng5 e6 7.Qf3 Nf6 8.O-O O-O
9.Be3 a6 10.a4 Nd4 11.Bxd4 cxd4 12.Ne2 d5 13.exd5 exd5 14.Bb3 Bg4 15.Qg3 Bxe2
16.Rfe1 Bg4 17.f4 h6 18.Nf3 Bxf3 19.Qxf3 Qd7 20.Re5 Rae8 21.a5 Rxe5 22.fxe5 Ng4
23.Bxd5 Nxe5 24.Qe4 Nc6 25.Bb3 Kh7 26.Ba4 Re8 27.Qf3 Re3 28.Qf2 Qe7 29.Rf1 f5
30.Qd2 Re2 31.Qd1 Nxa5 32.b4 Nc6 33.b5 axb5 34.Bxb5 Qe3+ 35.Kh1 Rd2 36.Qb1 Qe2
37.Rg1 Ne5  0-1

[Event "SLO-ch (Women)"]
[Site "Ljubljana"]
[Date "1997.??.??"]
[Round "2"]
[White "Ipavec, Petra"]
[Black "Licina, Anita"]
[Result "0-1"]
[WhiteElo "2065"]
[BlackElo "2170"]

1.e4 c5 2.Nf3 Nc6 3.Nc3 d6 4.d4 cxd4 5.Nxd4 Nf6 6.Bc4 e6 7.O-O Be7 8.Bb3 O-O
9.Be3 a6 10.f4 Nxd4 11.Bxd4 b5 12.e5 dxe5 13.fxe5 Nd7 14.Qg4 Bc5 15.Kh1 Bxd4
16.Qxd4 Qc7 17.Rfe1 Bb7 18.Rad1 Nc5 19.Ne2 Rfd8 20.Qc3 Qc6 21.Qh3 Nxb3 22.cxb3 Rxd1
23.Rxd1 Qe4 24.Nc3 Qxe5 25.Qd3 Qc7 26.h3 h6 27.Rd2 Re8 28.Qd7 Qc6 29.b4 e5
30.Qg4 e4 31.Qf4 e3 32.Re2 Qe6 33.Kh2 g5 34.Qd4 f5 35.Rc2 Qe5+ 36.Qxe5 Rxe5
37.Ne2 f4 38.Kg1 Kf7 39.Nd4 Kf6 40.Kf1 Rd5 41.Nf3 Rd1+ 42.Ke2 Bxf3+ 43.gxf3 Rd6
44.a3 Kg6 45.b3 Kh5 46.a4 Kh4 47.axb5 axb5 48.Rc5 Kxh3 49.Rxb5 Kg3 50.Re5 Rd2+  0-1

[Event "Ljubljana op"]
[Site "Ljubljana"]
[Date "1997.??.??"]
[Round "8"]
[White "Podlesnik, Bogdan"]
[Black "Gazarek, Danko"]
[Result "1-0"]
[WhiteElo "2410"]
[BlackElo "2330"]

1.e4 c5 2.Nf3 Nc6 3.Nc3 g6 4.d4 cxd4 5.Nxd4 Bg7 6.Be3 Nf6 7.Be2 O-O 8.f4 d6
9.O-O Bd7 10.Nb3 a5 11.a4 Nb4 12.Bf3 Bc6 13.Nd5 Nd7 14.c3 Na6 15.Bd4 e5 16.Be3 exf4
17.Bxf4 Ne5 18.Be3 Nc4 19.Bc1 Ne5 20.Be2 Nc5 21.Nxc5 dxc5 22.Be3 b6 23.Qd2 Bxd5
24.exd5 Ra7 25.d6 f5 26.Bb5 Raf7 27.Bf4 Kh8 28.Rfe1 Ng4 29.d7 Nf6 30.Rad1 Ne4
31.Qd5 Bf6 32.Qc6 Qa8 33.Qxa8 Rxa8 34.Bc7 Bd8 35.Bc6  1-0

[Event "Coulsdon"]
[Site "London"]
[Date "1997.??.??"]
[Round "1"]
[White "Shaw, John"]
[Black "O'Shaughnessy, Conor"]
[Result "1-0"]
[WhiteElo "2345"]
[BlackElo "2220"]

1.e4 c5 2.Nc3 Nc6 3.Bb5 g6 4.Bxc6 bxc6 5.d3 Bg7 6.Nge2 d6 7.Be3 f5 8.Qd2 Rb8
9.Rb1 Nf6 10.Bh6 O-O 11.Bxg7 Kxg7 12.O-O Be6 13.Ng3 Qd7 14.b3 Bf7 15.Rbe1 Rbe8
16.Re2 h6 17.Rfe1 fxe4 18.Ncxe4 Nxe4 19.Rxe4 e5 20.Rh4 g5 21.Ra4 Bg6 22.h4 Rf4
23.hxg5 hxg5 24.Ne4 Bxe4 25.dxe4 Kf6 26.Rd1 Rd8 27.Qa5 Rh4 28.f3 Rh7 29.Qc3 Qg7
30.Ra6 Qh6 31.Kf2 Qh4+ 32.Ke2 Qg3 33.Rg1 Rh1 34.Qe1 Qxe1+ 35.Rxe1 Rh2 36.Kf2 Rd7
37.Rxc6 Ke6 38.Rd1 Rh4 39.Kg3 Rf4 40.Rh1 Rf8 41.Rh6+ Rf6 42.Rxf6+ Kxf6 43.Kg4 Ke6
44.g3 Kf6 45.c4 Ke6 46.Kxg5 Rg7+ 47.Kh4 Rh7+ 48.Kg4 Rg7+ 49.Kh3 Rf7 50.Kg2 Rg7
51.Ra6 Rf7 52.Kf2 Rg7 53.f4  1-0

[Event "London2"]
[Site "London"]
[Date "1997.??.??"]
[Round "5"]
[White "Pert, Richard G"]
[Black "Gavriel, Tryfon"]
[Result "1/2-1/2"]
[WhiteElo "2215"]
[BlackElo "2210"]

1.e4 c5 2.Nf3 Nc6 3.Nc3 d6 4.d4 cxd4 5.Nxd4 Nf6 6.Bc4 e6 7.Bb3 Be7 8.Be3 O-O
9.O-O a6 10.h3 Qc7 11.f4 b5 12.a3 Re8 13.f5 Nxd4 14.Bxd4 e5 15.Bf2 Bb7 16.Qe2 Bc6
17.Rad1 Qb7 18.Nd5 Bxd5 19.Bxd5 Nxd5 20.Rxd5 Rac8 21.c3 Rc6 22.Rfd1 Rec8
23.Kh1 Bf8 24.Bh4 a5 25.Be1 Kh8 26.Kh2 Kg8 27.R1d3 Kh8 28.b3 R6c7 29.Rd1 Rc5
30.Bf2 Rxc3 31.Qxb5 Rxb3 32.Qxb7 Rxb7 33.Rxa5 Rb2 34.Bh4 f6 35.Ra4 Kg8 36.Rd3 Rd8  1/2-1/2

[Event "Coulsdon"]
[Site "London"]
[Date "1997.??.??"]
[Round "6"]
[White "Shaw, John"]
[Black "Duncan, Christopher R"]
[Result "1-0"]
[WhiteElo "2345"]
[BlackElo "2340"]

1.e4 c5 2.Nc3 Nc6 3.Bb5 Nd4 4.a4 g6 5.Nf3 Bg7 6.O-O e6 7.Re1 Ne7 8.Bf1 O-O
9.Nb5 d6 10.Nbxd4 cxd4 11.c3 Nc6 12.Bb5 e5 13.cxd4 exd4 14.d3 Bg4 15.h3 Bxf3
16.Qxf3 Ne5 17.Qe2 a6 18.Bc4 Nxc4 19.dxc4 Qc7 20.Qd3 Rac8 21.b3 b5 22.cxb5 axb5
23.Qxb5 Qc2 24.Bf4 d3 25.Rad1 Bd4 26.Rd2 Rb8 27.Rxc2 Rxb5 28.Rc4 Rb4 29.Rxb4 Bc3
30.Bxd6  1-0

[Event "Loures2"]
[Site "Loures"]
[Date "1997.??.??"]
[Round "10"]
[White "Santos, Carlos P"]
[Black "Campos Moreno, Javier B"]
[Result "1/2-1/2"]
[WhiteElo "2340"]
[BlackElo "2445"]

1.e4 c5 2.Nf3 Nc6 3.Nc3 d6 4.d4 cxd4 5.Nxd4 Nf6 6.Bc4 e6 7.Be3 Be7 8.Qe2 a6
9.O-O-O Qc7 10.Bb3 Na5 11.g4 b5 12.g5 Nxb3+ 13.axb3 Nd7 14.h4 b4 15.Na4 Nc5
16.h5 Bd7 17.Kb1 Bxa4  1/2-1/2

[Event "Rheinhessen-ch H1 op"]
[Site "Mainz"]
[Date "1997.??.??"]
[Round "2"]
[White "Haasler, Andreas"]
[Black "Schuster, Andreas"]
[Result "1/2-1/2"]
[WhiteElo "1726"]
[BlackElo "1846"]

1.e4 c5 2.Nc3 Nc6 3.Nf3 d6 4.d4 cxd4 5.Nxd4 g6 6.Be3 Bg7 7.Qd2 Bd7 8.f3 Rc8
9.Bc4 Ne5 10.Bb3 a6 11.O-O-O Qc7 12.g4 e6 13.h4 h5 14.gxh5 Rxh5 15.Rdg1 Nc4
16.Bxc4 Qxc4 17.Rg5 Rc5 18.Rxc5 Rxc5 19.Nde2 Rh5 20.Qxd6 Be5 21.Qb6 Qc7 22.Qxc7 Bxc7
23.Bf4 Bd8 24.Bg3 g5 25.Nd1 gxh4 26.Nf4 Rh6 27.Bf2 Bg5 28.Be3 Ne7 29.Kd2 e5
30.Nd5 Bxe3+ 31.N1xe3 h3 32.Ke2 Nxd5 33.Nxd5 Rg6 34.Rh2 Rc6 35.c3 Rg6 36.f4 exf4
37.Nxf4 Rb6 38.Kf3 f5 39.e5 Bc6+ 40.Kg3 Rb5 41.e6 Bg2 42.Nxg2 hxg2 43.Rxg2 Ke7
44.Re2 Rb6 45.Kf4 Rxe6 46.Rh2 Kd6 47.Kxf5 Re8 48.Rh7 Kc6 49.Rh4 a5 50.Ra4 Kb5
51.Ra3 Re2 52.Rb3+ Kc6 53.Kf4 b5 54.a4 bxa4 55.Rb8 a3 56.bxa3 Ra2 57.Rb3 Kc5
58.c4 Kxc4 59.Rh3 Rb2 60.Ke4 Rb3 61.Rxb3 Kxb3 62.Kd3 a4 63.Kd2  1/2-1/2

[Event "Manchester op"]
[Site "Manchester"]
[Date "1997.??.??"]
[Round "1"]
[White "Shaw, John"]
[Black "Dearing, Edward"]
[Result "0-1"]
[WhiteElo "2390"]
[BlackElo "2210"]

1.e4 c5 2.Nc3 Nc6 3.Bb5 Nd4 4.a4 a6 5.Bd3 d6 6.Nge2 Nc6 7.Bc4 g6 8.O-O Bg7
9.d3 Nf6 10.Bg5 h6 11.Bh4 g5 12.Bg3 e5 13.Nd5 Nh5 14.f3 f5 15.exf5 Bxf5 16.Bf2 Nf4
17.Ng3 Bg6 18.Re1 Ne7 19.Nxe7 Qxe7 20.Ne2 Nxe2+ 21.Qxe2 Bf7 22.Qe4 O-O 23.Bd5 Rad8
24.a5 Bxd5 25.Qxd5+ Qf7 26.Qxf7+ Rxf7 27.c4 Rb8 28.Reb1 b5 29.axb6 Rxb6 30.Be1 e4
31.dxe4 Bxb2 32.Kf1 Rfb7 33.Ra2 Bd4 34.Rxb6 Rxb6 35.Ke2 Kf7 36.Bd2 Ke6 37.h4 gxh4
38.Bxh6 Rb1 39.Bg5 Rg1 40.Kd3 h3 41.g4 Rg2 42.Rxa6 h2 43.Ra7 Bf6  0-1

[Event "Marostica op"]
[Site "Marostica"]
[Date "1997.??.??"]
[Round "8"]
[White "Lucaroni, Massimiliano"]
[Black "Quinn, Mark"]
[Result "1-0"]
[WhiteElo "2265"]
[BlackElo "2355"]

1.e4 c5 2.Nc3 Nc6 3.Nf3 g6 4.d4 cxd4 5.Nxd4 Bg7 6.Nb3 Bxc3+ 7.bxc3 Nf6 8.Bd3 d5
9.exd5 Qxd5 10.O-O Bf5 11.c4 Qd7 12.Bb2 Rd8 13.Qe1 O-O 14.Rd1 Rfe8 15.Qe3 Bxd3
16.cxd3 e5 17.Qg5 Ne4 18.Qc1 Nd6 19.d4 Qf5 20.d5 Nb4 21.c5 Nxa2 22.Qa1 Nc4
23.Qxa2 Qc2 24.Na1 Qe2 25.Rfe1 Rxd5 26.Rc1 Qxb2 27.Qxc4 Red8 28.h3 R8d7 29.Nb3 h5
30.Rb1 Qa3 31.Ra1 b5 32.Qxb5  1-0

[Event "CRO-chT (Women)"]
[Site "Medulin"]
[Date "1997.??.??"]
[Round "?"]
[White "Madl, Ildiko"]
[Black "Medvegy, Nora"]
[Result "1/2-1/2"]
[WhiteElo "2365"]
[BlackElo "2265"]

1.e4 c5 2.Nf3 Nc6 3.Nc3 g6 4.d4 cxd4 5.Nxd4 Bg7 6.Be3 Nf6 7.Bc4 d6 8.f3 O-O
9.Qd2 Bd7 10.h4 Qa5 11.O-O-O Ne5 12.Bb3 Rfc8 13.Kb1 Nc4 14.Bxc4 Rxc4 15.Nb3 Qc7
16.Bd4 Be6 17.Nd5 Bxd5 18.exd5 a5 19.c3 a4 20.Nc1 Ra5 21.b3 axb3 22.axb3 Rxd4
23.cxd4 Nxd5 24.Ne2 Bh6 25.Qd3 Ra2 26.Kxa2 Nb4+ 27.Kb2 Nxd3+ 28.Rxd3 Qb6
29.Ra1 f5 30.Nc3 e6 31.g4 Bg7 32.Ra4 h6 33.Kc2 Kf7 34.Rc4 Bf6 35.h5 gxh5
36.gxh5 Bg5 37.Ne2 Qa5 38.Nc3 Qb6 39.Na4 Qd8 40.Nc3 Qa5 41.Ra4 Qc7 42.Rc4 Qb6
43.Ra4 d5 44.b4 Qc7  1/2-1/2

[Event "Minsk op"]
[Site "Minsk"]
[Date "1997.??.??"]
[Round "6"]
[White "Fedorov, Alexei"]
[Black "Vaulin, Alexander"]
[Result "1-0"]
[WhiteElo "2580"]
[BlackElo "2490"]

1.e4 c5 2.Nc3 Nc6 3.Nge2 Nd4 4.Nxd4 cxd4 5.Ne2 Nf6 6.Ng3 d6 7.Bc4 e6 8.O-O Be7
9.Bb3 O-O 10.d3 Bd7 11.f4 a5 12.a4 b5 13.axb5 Bxb5 14.f5 a4 15.Ba2 e5 16.Nh5 Rc8
17.Nxf6+ Bxf6 18.Rf3 Bg5 19.Rg3 Bxc1 20.Rxc1 Qh4 21.Qd2 Qf4 22.Qxf4 exf4
23.Rf3 Rc7 24.c4 dxc3 25.bxc3 Rb8 26.c4 Be8 27.Rxf4 Kf8 28.Rc2 Rcb7 29.Rff2 Ke7
30.Rfe2 a3 31.Kf2 Ba4 32.Rcd2 Bb3 33.Ke3 Kd7 34.Re1 Bxa2 35.Rxa2 Rb2 36.Rea1 Rxa2
37.Rxa2 Rb2 38.Rxa3 Rxg2 39.Ra7+ Ke8 40.Kd4 Rxh2 41.e5 dxe5+ 42.Kxe5 f6+
43.Kd5 Rf2 44.d4 h5 45.c5 h4 46.Rxg7 Rxf5+ 47.Ke6 Rg5 48.Rh7 Kd8 49.Kd6 Kc8
50.Rh8+  1-0

[Event "Minsk op"]
[Site "Minsk"]
[Date "1997.??.??"]
[Round "6"]
[White "Malisauskas, Vidmantas"]
[Black "Gagarin, Vasilij"]
[Result "1/2-1/2"]
[WhiteElo "2530"]
[BlackElo "2420"]

1.e4 c5 2.Nc3 Nc6 3.Nge2 Nf6 4.d4 cxd4 5.Nxd4 e5 6.Ndb5 d6 7.Bg5 a6 8.Na3 b5
9.Bxf6 gxf6 10.Nd5 Bg7 11.g3  1/2-1/2

[Event "Mislata op 6th"]
[Site "Mislata"]
[Date "1997.??.??"]
[Round "3"]
[White "Sanchez Guirado, Francisco"]
[Black "Basto Auzmendi, Mario"]
[Result "1-0"]
[WhiteElo "2380"]
[BlackElo "2155"]

1.e4 c5 2.Nc3 Nc6 3.Nge2 Nf6 4.g3 d5 5.exd5 Nd4 6.Nxd4 cxd4 7.Nb5 e5 8.c4 a6
9.Na3 b5 10.Qb3 b4 11.Nb1 e4 12.d3  1-0

[Event "Mondariz op"]
[Site "Mondariz"]
[Date "1997.??.??"]
[Round "?"]
[White "Baron Rodriguez, Jesus"]
[Black "Campos Moreno, Javier B"]
[Result "0-1"]
[WhiteElo "2380"]
[BlackElo "2440"]

1.e4 c5 2.Nf3 Nc6 3.Nc3 d6 4.d4 cxd4 5.Nxd4 Nf6 6.Bg5 e6 7.Qd2 a6 8.O-O-O h6
9.Be3 Be7 10.f3 Nxd4 11.Bxd4 b5 12.Kb1 Rb8 13.Ba7 Rb7 14.Be3 Qa5 15.g4 b4
16.Ne2 e5 17.Nc1 Be6 18.Nb3 Qa4 19.h4 d5 20.Bc5 d4 21.Bxe7 Rxe7 22.Bh3 Bc4
23.g5 Nh5 24.Nc1 Qa5 25.gxh6 Rxh6 26.Rhg1 Kf8 27.Rg5 f6 28.Rgg1 Nf4 29.Bf1 Be6
30.Bd3 Rc7 31.Rg3 Rxh4 32.Rgg1 g5 33.Rh1 Ng6 34.Qf2 Rch7 35.Rxh4 Rxh4 36.Rg1 Nf4
37.Qd2 Rh7 38.a3 Rb7 39.Rh1 Ng6 40.Rh6 Kg7 41.Rh1 Rb8 42.Bf1 Qa4 43.b3 bxa3
44.Bh3 Bxh3 45.Rxh3 Qc6 46.Nd3 Rc8 47.Rh2 Qc3 48.Qxc3 Rxc3 49.Ka2 Nf4 50.Rd2 Nxd3
51.cxd3 f5 52.Kxa3 Kg6 53.Ka4 f4 54.b4 g4 55.fxg4 Kg5 56.Ka5 Ra3+ 57.Kb6 f3
58.Kc5 Kxg4 59.Kd5 Kf4  0-1

[Event "Mondariz op"]
[Site "Mondariz"]
[Date "1997.??.??"]
[Round "?"]
[White "Baron Rodriguez, Jesus"]
[Black "De la Villa Garcia, Jesus Maria"]
[Result "0-1"]
[WhiteElo "2380"]
[BlackElo "2485"]

1.e4 c5 2.Nf3 Nc6 3.Nc3 d6 4.d4 cxd4 5.Nxd4 Nf6 6.Be2 g6 7.Be3 Bg7 8.O-O O-O
9.Nb3 Be6 10.f4 Rc8 11.Bf3 Nd7 12.Qe1 Nb6 13.Rd1 Nc4 14.Bc1 b5 15.Kh1 b4
16.Nd5 Nxb2 17.Bxb2 Bxb2 18.e5 a5 19.Qh4 a4 20.Nd2 Bxd5 21.Bxd5 e6 22.Qxd8 Rfxd8
23.Nc4 exd5 24.Nxb2 dxe5 25.Nxa4 Ra8 26.Nb6 Rxa2 27.Nxd5 Rxc2 28.fxe5 b3
29.Nf6+ Kg7 30.Rb1 Nxe5  0-1

[Event "Mondariz op"]
[Site "Mondariz"]
[Date "1997.??.??"]
[Round "?"]
[White "Montoya Bello, Felix J"]
[Black "Rivera, Daniel"]
[Result "1-0"]
[WhiteElo "2160"]
[BlackElo "2370"]

1.e4 c5 2.Nc3 Nc6 3.Nge2 d6 4.d3 g6 5.Be3 Bg7 6.Qd2 e6 7.d4 d5 8.O-O-O cxd4
9.Nxd4 Nxd4 10.Bxd4 e5 11.Bb5+ Bd7 12.Bxe5 Bxe5 13.Qxd5 Bf4+ 14.Kb1 Nf6 15.Qxb7 Rb8
16.Qxa7 Be5 17.Qc5 Qe7 18.Bxd7+ Nxd7 19.Qxe7+ Kxe7 20.Nd5+ Ke6 21.b3 Rhc8
22.f4 Bg7 23.f5+ Ke5 24.Ne7 Nf6 25.Nxc8 Rxc8 26.Rhe1 Rc7 27.c4 Re7 28.Kc2 Bh6
29.b4 Nxe4 30.Rd5+ Kf4 31.fxg6 hxg6 32.c5 f5 33.c6 Ra7 34.Kb3 Bf8 35.Rd8 Bg7
36.Rd7 Rxd7 37.cxd7 Bf6 38.a4 Ke5 39.a5 Kd6 40.Rd1+ Kc7 41.a6 Bd8 42.Rc1+  1-0

[Event "Montcada op"]
[Site "Montcada"]
[Date "1997.??.??"]
[Round "6"]
[White "Bertona, Fernando"]
[Black "Gonzalez Velez, Fermin"]
[Result "1-0"]
[WhiteElo "2370"]
[BlackElo "2400"]

1.e4 c5 2.Nf3 Nc6 3.Nc3 Nf6 4.e5 Ng4 5.Qe2 Qc7 6.Nd5 Qb8 7.d4 cxd4 8.Bf4 e6
9.h3 Nh6 10.Bxh6 exd5 11.Bf4 Bb4+ 12.Bd2 Bc5 13.O-O-O O-O 14.Bf4 d6 15.exd6 Bf5
16.Nh4 Be4 17.Qg4 Bxd6 18.Bxd6 Qxd6 19.f3 Bg6 20.Nxg6 fxg6 21.Bb5 Rab8 22.Rhe1 Rf5
23.Bxc6 bxc6 24.Qxd4 c5 25.Qa4 Rff8 26.Rd2 Qf6 27.c3 Qf7 28.Red1 Rfd8 29.Kb1 d4
30.cxd4 Rb4 31.Qa5 Qf5+ 32.Ka1 Rbxd4 33.Rxd4 Rxd4 34.Rxd4 cxd4 35.Qxf5 gxf5
36.Kb1 Kf7 37.Kc2 Ke6 38.Kd3 Kd5 39.b4 a6 40.f4  1-0

[Event "Mitropa Cup 17th"]
[Site "Montecatini Terme"]
[Date "1997.??.??"]
[Round "2"]
[White "Mantovani, Renzo"]
[Black "Naumann, Alexander"]
[Result "1/2-1/2"]
[WhiteElo "2375"]
[BlackElo "2385"]

1.e4 c5 2.Nf3 Nc6 3.Nc3 d6 4.d4 cxd4 5.Nxd4 Nf6 6.f4 e6 7.Nf3 Be7 8.Bd3 O-O
9.O-O Qc7 10.Kh1 a6 11.Qe1 Nb4 12.e5 Nxd3 13.cxd3 Nd7 14.d4 b5 15.f5 dxe5
16.dxe5 exf5 17.Nd5 Qc5 18.Nxe7+ Qxe7 19.Bd2 Re8 20.Rd1 Qe6 21.Bc3 Bb7 22.Nd4 Qg6
23.Qf2 Be4 24.e6 Nf8 25.exf7+ Qxf7 26.Nxf5 Bxf5 27.Qxf5 Qxf5 28.Rxf5 Rad8
29.Rxd8 Rxd8 30.h3 Ne6 31.Kh2 Rf8 32.Re5 Kf7 33.a4 Rb8 34.Re4 Rb7 35.Kg1 Nc5
36.Rf4+ Ke6 37.axb5 axb5 38.Rh4 g6 39.Rf4 Rf7 40.Rb4 Rb7 41.Kf1 Na6 42.Re4+ Kd5
43.Rd4+ Kc6 44.Ke2 Nc7 45.Bb4 Nd5 46.Bd2 Ra7 47.Kd3 Ra2 48.Kc2 Ra7 49.Re4 Kd6
50.Be1 Rf7 51.Kd3 Kc6 52.Kd4 Nc7 53.Re5 Rf4+ 54.Ke3 Rf1 55.Ke2 Rf7 56.Bb4 Rf4
57.Bd2 Rf6 58.Bc3 Rf7 59.Ba5 Nd5 60.Bd2 Nf4+ 61.Bxf4 Rxf4 62.Re3 Kd5 63.Rd3+ Kc4
64.Rc3+ Kb4 65.g4 Rc4 66.Kd3 Rf4 67.Ke3 Rf1 68.Rc7 h5 69.Rc6 Rh1 70.g5  1/2-1/2

[Event "Mitropa Cup 17th"]
[Site "Montecatini Terme"]
[Date "1997.??.??"]
[Round "2"]
[White "Moor, Roger"]
[Black "Brod, Manfred"]
[Result "1/2-1/2"]
[WhiteElo "2280"]
[BlackElo "2270"]

1.e4 c5 2.Nc3 Nc6 3.Nge2 g6 4.d4 cxd4 5.Nxd4 Bg7 6.Be3 Nf6 7.Bc4 Qa5 8.O-O O-O
9.Bb3 d6 10.h3 Bd7 11.f4 Qh5 12.Qxh5 Nxh5 13.Rad1 Nxd4 14.Bxd4 Bc6 15.Nd5 Bxd5
16.exd5 Rfc8 17.c3 Bxd4+ 18.Rxd4 Ng7 19.g4 f5 20.Bc2 Kf7 21.Kg2 h5 22.Re1 hxg4
23.hxg4 fxg4 24.Rde4 Nf5 25.Re6 Re8 26.Bd1 g3 27.Bc2 Rac8 28.Be4 Rc7 29.Rh1 Kg7
30.Bxf5 gxf5 31.Rh5 Rh8 32.Rg5+ Kf7 33.Rxf5+ Ke8 34.Kxg3 b5 35.Re4 a5 36.Rg5 Rh1
37.Re2 b4 38.cxb4 axb4 39.f5 Rg1+ 40.Kh4 Rh1+ 41.Kg4 Rc4+ 42.Kf3 Rf1+ 43.Kg2 Rcf4
44.Rg7 Rxf5 45.Rgxe7+ Kd8 46.Re8+ Kc7 47.Rc2+ Kb6 48.Re6 Kb5 49.Rxd6 Rd1
50.Rd8 Rdxd5 51.Rxd5+ Rxd5 52.Rf2 Kc4 53.Kf1 Rd1+ 54.Ke2 Ra1 55.Rf4+ Kb5
56.Kd2 Rxa2 57.Kc2 Ra1 58.Kb3 Rh1 59.Rxb4+ Ka5 60.Rg4 Rh5 61.Ka3 Kb5 62.Rg8 Rh3+
63.b3 Ka5 64.Rg5+ Kb6 65.Ka4 Rh4+ 66.b4 Rh1 67.Rg6+ Kb7 68.Ka5 Rh7 69.Rb6+ Ka7
70.Rg6 Kb7 71.b5 Rf7 72.Rh6  1/2-1/2

[Event "Moravia-chT 9697"]
[Site "?"]
[Date "1997.??.??"]
[Round "?"]
[White "Kalinin, Oleg"]
[Black "Zpevak, Pavel"]
[Result "1-0"]
[WhiteElo "2440"]
[BlackElo "2370"]

1.e4 c5 2.Nc3 Nc6 3.Bb5 e6 4.Bxc6 dxc6 5.f4 Nf6 6.d3 Be7 7.Nf3 b6 8.b3 Qc7
9.h3 Bb7 10.Qe2 Nh5 11.Qe3 O-O-O 12.g4 Nf6 13.Nd1 Ne8 14.c4 f6 15.Bb2 Kb8
16.Nf2 Bc8 17.O-O-O Rf8 18.h4 Ka8 19.Kc2 Qb7 20.h5 Qc7 21.Rdf1 Qd7 22.h6 g6
23.g5 Qc7 24.gxf6 Nxf6 25.Be5 Qb7 26.Ng5 Rde8 27.Rd1 a5 28.Rdg1 Qa7 29.Nd1 Qd7
30.Nc3 Bd8 31.Rg2 Qb7 32.Bd6 Rg8 33.e5 Nh5 34.Nce4 Qd7 35.a3 Rgf8 36.Bxf8 Rxf8
37.Rf2 Bc7 38.Rd1 Qe7 39.Kb1 Rd8 40.Ka2 Rd4 41.Nf3 Rd8 42.Nfg5 Rd4 43.b4 Ba6
44.bxc5 bxc5 45.Rb1 a4 46.Nxh7 Qxh7 47.Nxc5  1-0

[Event "Kasparov Cup"]
[Site "Moscow"]
[Date "1997.??.??"]
[Round "?"]
[White "Lukianenko, Evgenij"]
[Black "Grigoriants, Sergey"]
[Result "0-1"]
[WhiteElo "2275"]
[BlackElo "2315"]

1.e4 c5 2.Nf3 Nc6 3.Nc3 d6 4.d4 cxd4 5.Nxd4 Nf6 6.Bc4 e6 7.Be3 a6 8.Bb3 Qc7
9.O-O Be7 10.f4 Na5 11.f5 Nxb3 12.axb3 Bd7 13.Qf3 e5 14.Nde2 Bc6 15.Rad1 b5
16.Rd2 O-O 17.Ng3 a5 18.Nh5 b4 19.Nxf6+ Bxf6 20.Nd5 Bxd5 21.exd5 e4 22.Qxe4 Rfe8
23.Qd3 Bxb2 24.Bg5 Qc5+ 25.Kh1 f6 26.Bf4 Be5 27.Be3 Qc3 28.Bb6 Rab8 29.Bg1 Qxd3
30.Rxd3 Rbc8 31.Bb6 Rxc2 32.Bxa5 Rb8  0-1

[Event "Moscow-ch"]
[Site "Moscow"]
[Date "1997.??.??"]
[Round "7"]
[White "Dubinski, Roman"]
[Black "Kiselev, Sergey"]
[Result "0-1"]
[WhiteElo "2295"]
[BlackElo "2485"]

1.e4 c5 2.Nc3 Nc6 3.Nge2 d6 4.d4 cxd4 5.Nxd4 Nf6 6.Bc4 Qb6 7.Be3 Qxb2 8.Ndb5 Qb4
9.Qe2 Nxe4 10.Bxf7+ Kxf7 11.Rb1 Qa5 12.Qc4+ e6 13.Qxe4 Qd8 14.O-O d5 15.Qf4+ Kg8
16.Rfd1 Qe7 17.Qg3 b6 18.Bf4 Bd7 19.Rd3 Qf7 20.Rbd1 h6 21.Rf3 Qh5 22.Re1 Rc8
23.Bd2 Kh7 24.Nd6 Bxd6 25.Qxd6 Rhd8 26.Rh3 Qf7 27.Nb5 a6 28.Nc3 Be8 29.Qg3 e5
30.Qh4 Rd6 31.Ne2 Rg6 32.Rb3 b5 33.Ra3 Ne7 34.Ng3 Rxc2 35.Rf3 Qe6 36.Bb4 Nc6
37.Bf8 Rc4 38.Qh3 Qxh3 39.gxh3 Bd7 40.h4 Rxh4 41.Rf7 Bh3 42.Bc5 Rc4  0-1

[Event "NRW-Cup Masters op"]
[Site "Muenster"]
[Date "1997.??.??"]
[Round "1"]
[White "Kupreichik, Viktor D"]
[Black "Lehmann, Holger"]
[Result "1-0"]
[WhiteElo "2500"]
[BlackElo "2160"]

1.e4 c5 2.Nf3 Nc6 3.Nc3 e6 4.g3 a6 5.Bg2 Qc7 6.O-O Be7 7.b3 Nf6 8.Bb2 O-O
9.d4 cxd4 10.Nxd4 d6 11.Rc1 Bd7 12.Nce2 Qa5 13.a3 Qh5 14.c4 Rac8 15.Qd2 Ng4
16.h3 Nge5 17.g4 Qg6 18.f4 Nxd4 19.Nxd4 Nc6 20.Nf3 Rfd8 21.f5 Qh6 22.g5 Qh5
23.Qf4 Ne5 24.f6 gxf6 25.gxf6 Ng6 26.Qg3 Bf8 27.Bd4 b5 28.cxb5 Bxb5 29.Rfe1 Kh8
30.Ng5 Kg8 31.a4 Bd7 32.Bf1 Bh6 33.Be3 e5 34.Kh2 Rf8 35.Be2 Qh4 36.Qxh4 Nxh4
37.Kg3 Ng6 38.Bxa6 Rb8 39.Bc4 Bxg5 40.Bxg5 Rfc8 41.Red1 Rc6  1-0